| 000 | 01124nam a22003017a 4500 | ||
|---|---|---|---|
| 001 | 193139 | ||
| 003 | ES-MaACL | ||
| 005 | 20240708063028.0 | ||
| 007 | ta | ||
| 008 | 230824t2007ck sp ||||| |||| 00| 0 spa d | ||
| 020 | _a9789587082531 | ||
| 040 |
_bspa _cES-MaACL |
||
| 100 | 1 |
_aLagos, Ramiro, _d1922- _eaut _9176491 |
|
| 245 | 1 | 0 |
_aFrutología de Eros : poesía y pintura / _cRamiro Lagos |
| 260 |
_aColombia : _bSic Editorial, _c2007 |
||
| 300 |
_a158 páginas : _bprincipalmente ilustraciones (color) ; _c25 cm |
||
| 336 |
_2rdacontent _aTexto |
||
| 337 |
_2rdamedia _asin mediación |
||
| 338 |
_2rdacarrier _avolumen |
||
| 500 | _aCatalogación provisional. Signatura: N 8629. Depósito J. | ||
| 852 |
_aES-MaACL _9200458 _jN-8629 _xCartoné _zEn proceso _cDEPOJ _gDedicatoria autógrafa del autor _hDonación: Ramiro Lagos |
||
| 903 |
_aLagos, Ramiro, _d1922- _ednr _9176491 |
||
| 942 |
_n0 _cMONOGRAFIA |
||
| 999 |
_c193139 _d193139 |
||